Merungkai 192 Persoalan ZAKAT, AGIHAN dan AMIL

Bibliographic Details
Main Authors: Ahmad Nasir Mohd. Yusoff (Author), Zuhairmi Abd Rahman (Author)
Format: Book
Language:Malay
Published: Serdang, Selangor : Penerbit Universiti Putra Malaysia 2020
Edition:First edition
Subjects:

MARC

LEADER 00000cam a2200000 7i4500
001 0000029616
005 20241128.0
008 211229 my may
020 |a 9789672395546 
040 |a INS   |b eng   |e rda 
090 0 0 |a BP180   |b .A376 2020 
100 0 |a Ahmad Nasir Mohd. Yusoff ,   |e author 
245 1 0 |a Merungkai 192 Persoalan ZAKAT, AGIHAN dan AMIL   |c Ahmad Nasir Mohd Yusoff, Zuhairmi Abd Rahman 
250 |a First edition 
264 1 |a Serdang, Selangor :   |b Penerbit Universiti Putra Malaysia   |c 2020 
264 4 |c ©2020 
300 |a 94 pages ;   |c 25 cm. 
336 |a text  |2 rdacontent 
337 |a unmediated  |2 rdamedia 
338 |a volume  |2 rdacarrier 
504 |a Includes bibliographical references and index 
650 0 |a Zakat 
700 0 |a Zuhairmi Abd Rahman ,   |e author 
999 |a 1000004340   |b BOOK   |c Open Shelf   |e Default branch